000 00717nam a2200241Ia 4500
008 200601s9999 xx 000 0 und d
020 _a978-1-63549-794-6
050 _aComSc QA 76.7
050 _b.F86 2018
245 0 _aFundamentals of programming languages /
245 0 _cedited by Chris Chancellor.
260 _aNew York :
260 _bLarsen & Keller,
260 _c2018
300 _a247 pages:
300 _billustrations (some color) ;
300 _c27 cm.
440 _aTextbook series
500 _aIncludes bibliographical references and index.
650 _aElectronic data processing.
650 _aProgramming languagaes (Electronic computers).
650 _xLanguages, Artificial.
999 _c363151
_d363151